000 00540nam a2200205Ia 4500
005 20240208092836.0
008 131103s9999 xx 000 0 und d
040 _aLoreto College
041 _aEnglish
082 _a370.9
_bCAS
100 _aCastle,E.B.
245 _aAncient Education and Today,
_cE.B.Castle
260 _aHarmondsworth
_bPenguin Books
_c1961
300 _a218 p.
504 _aReprinted 1965
650 _aEducation
651 _aHistorical,Geographic and Persons Treatment
850 _aLCLIB
942 _cBK
999 _c3807
_d54286